Las TIC en las Instituciones Educativas Rurales de Cundinamarca : (Registro nro. 59153)
[ vista simple ]
| 000 -LEADER | |
|---|---|
| campo de control de longitud fija | 04206nam a2200577 i 4500 |
| 001 - NÚMERO DE CONTROL | |
| campo de control | 59153 |
| 003 - IDENTIFICADOR DE NÚMERO DE CONTROL | |
| campo de control | FINmELB |
| 005 - FECHA Y HORA DE LA ÚLTIMA TRANSACCIÓN | |
| campo de control | 20241216233053.0 |
| 006 - CÓDIGOS DE INFORMACIÓN DE LONGITUD FIJA--CARACTERÍSTICAS DEL MATERIAL ADICIONAL | |
| campo de control de longitud fija | m o d | |
| 007 - CAMPO FIJO DE DESCRIPCIÓN FÍSICA--INFORMACIÓN GENERAL | |
| campo de control de longitud fija | cr cnu|||||||| |
| 008 - DATOS DE LONGITUD FIJA--INFORMACIÓN GENERAL | |
| campo de control de longitud fija | 241008s2023 ck ad go 000 0 spa d |
| 020 ## - NÚMERO INTERNACIONAL ESTÁNDAR DEL LIBRO | |
| Número Internacional Estándar del Libro | 9789587637038 |
| Información calificativa | (Digital) |
| 020 ## - NÚMERO INTERNACIONAL ESTÁNDAR DEL LIBRO | |
| Número Internacional Estándar del Libro | 9789587637021 |
| Información calificativa | (Impreso) |
| 035 ## - NÚMERO DE CONTROL DEL SISTEMA | |
| Número de control de sistema | (OCoLC)1463443689 |
| 040 ## - FUENTE DE CATALOGACIÓN | |
| Centro catalogador/agencia de origen | FINmELB |
| Lengua de catalogación | spa |
| Normas de descripción | rda |
| Centro/agencia transcriptor | FINmELB |
| 041 0# - CÓDIGO DE IDIOMA | |
| Código de lengua del texto/banda sonora o título independiente | spa |
| 050 #4 - SIGNATURA TOPOGRÁFICA DE LA BIBLIOTECA DEL CONGRESO | |
| Número de clasificación | LB1028.3 |
| Número de ítem | T534 2023 |
| 080 ## - NÚMERO DE LA CLASIFICACIÓN DECIMAL UNIVERSAL | |
| Número de la Clasificación Decimal Universal | 37:005.591.6 |
| 082 04 - NÚMERO DE LA CLASIFICACIÓN DECIMAL DEWEY | |
| Número de clasificación | 371.33 |
| Información de edición | 23 |
| 245 04 - MENCIÓN DEL TÍTULO | |
| Título | Las TIC en las Instituciones Educativas Rurales de Cundinamarca : |
| Resto del título | un camino de innovación hacia la transformación / |
| Mención de responsabilidad, etc. | Mauricio Peralta Mejía, Yesid Orlando Llanes Carranza, Johanna Carolina Moreno Rozo [y otros 7]. |
| 264 #1 - PRODUCCIÓN, PUBLICACIÓN, DISTRIBUCIÓN, FABRICACIÓN Y COPYRIGHT | |
| Producción, publicación, distribución, fabricación y copyright | Bogotá : |
| Nombre del de productor, editor, distribuidor, fabricante | Gobernanción de Cundinamarca, Corporación Universitaria Minuto de Dios - UNIMINUTO, |
| Fecha de producción, publicación, distribución, fabricación o copyright | 2023. |
| 300 ## - DESCRIPCIÓN FÍSICA | |
| Extensión | 1 recurso en línea : |
| Otras características físicas | ilustraciones, tablas, gráficos |
| 336 ## - TIPO DE CONTENIDO | |
| Término de tipo de contenido | texto |
| Código de tipo de contenido | txt |
| Fuente | rdacontent/spa |
| 337 ## - TIPO DE MEDIO | |
| Nombre/término del tipo de medio | computadora |
| Código del tipo de medio | c |
| Fuente | rdamedia/spa |
| 338 ## - TIPO DE SOPORTE | |
| Nombre/término del tipo de soporte | recurso en línea |
| Código del tipo de soporte | cr |
| Fuente | rdacarrier/spa |
| 490 1# - MENCIÓN DE SERIE | |
| Mención de serie | Colección Uniminuto |
| 500 ## - NOTA GENERAL | |
| Nota general | Incluye en la portada "Innovación Educativa en Cundinamarca". |
| 505 0# - NOTA DE CONTENIDO CON FORMATO | |
| Nota de contenido con formato | Capítulo 1. Descripción del camino recorrido para la popularización de las TIC -- Capítulo 2. Articulación y creación de lazos de confianza con las Instituciones Educativas de la zona rural de Cundinamarca -- Capítulo 3. Acercamiento a las realidades de las instituciones educativas de la zona rural de Cundinamarca -- Capítulo 4. Sensibilización, un acercamiento a las TIC y su importancia en la vida cotidiana -- Capítulo 5. Alfabetización digital a través de la estrategia formación a formadores -- Capítulo 6. Implementación del laboratorio digital como estrategia gamificada para el apoyo en el aula -- Capítulo 7. Aprendizajes y lecciones aprendidas. |
| 520 ## - RESUMEN, ETC. | |
| Sumario, etc. | La Secretaría de Ciencia, Tecnología e Innovación de la Gobernación de Cundinamarca se complace en compartir los notables avances y logros alcanzados a partir de la inversión hecha en innovación educativa. En un mundo en constante cambio, la educación es un pilar fundamental para el desarrollo de nuestra sociedad y la construcción de un futuro promisorio. Este Proyecto de Innovación Educativa en Cundinamarca se adelantó en colaboración con la Corporación Universitaria Minuto de Dios UNIMINUTO, y nace como una respuesta audaz a los desafíos impuestos por la pandemia del Covid-19. La repentina transición a la educación virtual requiere una adaptación rápida por parte de docentes y estudiantes, y el compromiso desde la Secretaría de Ciencia, Tecnología e Innovación de la Gobernación de Cundinamarca es garantizar que esta transición no afecte la calidad de la educación en los municipios no certificados de Cundinamarca. |
| 588 ## - NOTA DE FUENTE DE LA DESCRIPCIÓN | |
| Nota de fuente de la descripción | Descripción basada en metadatos suministrados por el editor y otras fuentes. |
| 590 ## - NOTA LOCAL (RLIN) | |
| Nota local | Recurso electrónico. Santa Fe, Arg.: elibro, 2024. Disponible vía World Wide Web. El acceso puede estar limitado para las bibliotecas afiliadas a elibro. |
| 650 #4 - PUNTO DE ACCESO ADICIONAL DE MATERIA--TÉRMINO DE MATERIA | |
| Término de materia o nombre geográfico como elemento de entrada | Innovaciones educativas |
| Subdivisión general | Investigaciones |
| Subdivisión geográfica | Cundinamarca. |
| 650 #4 - PUNTO DE ACCESO ADICIONAL DE MATERIA--TÉRMINO DE MATERIA | |
| Término de materia o nombre geográfico como elemento de entrada | Métodos de enseñanza |
| Subdivisión geográfica | Cundinamarca. |
| 650 #4 - PUNTO DE ACCESO ADICIONAL DE MATERIA--TÉRMINO DE MATERIA | |
| Término de materia o nombre geográfico como elemento de entrada | Tecnologia educativa |
| Subdivisión general | Estudio de casos |
| Subdivisión geográfica | Cundinamarca. |
| 650 #4 - PUNTO DE ACCESO ADICIONAL DE MATERIA--TÉRMINO DE MATERIA | |
| Término de materia o nombre geográfico como elemento de entrada | Educacion rural |
| Subdivisión general | Investigaciones |
| Subdivisión geográfica | Cundinamarca. |
| 650 #4 - PUNTO DE ACCESO ADICIONAL DE MATERIA--TÉRMINO DE MATERIA | |
| Término de materia o nombre geográfico como elemento de entrada | Enseñanza con ayuda de computadores |
| Subdivisión general | Estudio de casos |
| Subdivisión geográfica | Cundinamarca. |
| 653 ## - TÉRMINO DE INDIZACIÓN--NO CONTROLADO | |
| Término no controlado | Tics (Tecnologías de la Información y la Comunicación) |
| 655 #4 - TERMINO DE INDIZACIÓN--GENERO/FORMA | |
| Datos o término principal de género/forma | Libros electrónicos. |
| 700 1# - ENTRADA AGREGADA--NOMBRE PERSONAL | |
| Nombre de persona | Llanes Carranza, Yesid Orlando, |
| Término indicativo de función/relación | autor. |
| 700 1# - ENTRADA AGREGADA--NOMBRE PERSONAL | |
| Nombre de persona | Moreno Rozo, Johanna Carolina, |
| Término indicativo de función/relación | autor. |
| 700 1# - ENTRADA AGREGADA--NOMBRE PERSONAL | |
| Nombre de persona | Barreto Posada, Claudia Patricia, |
| Término indicativo de función/relación | autor. |
| 700 1# - ENTRADA AGREGADA--NOMBRE PERSONAL | |
| Nombre de persona | Lamprea Urrego, Cindy Stefany, |
| Término indicativo de función/relación | autor. |
| 700 1# - ENTRADA AGREGADA--NOMBRE PERSONAL | |
| Nombre de persona | García Cortes, Deiberson, |
| Término indicativo de función/relación | autor. |
| 700 1# - ENTRADA AGREGADA--NOMBRE PERSONAL | |
| Nombre de persona | Robayo Galvis, Rubén Oswaldo, |
| Término indicativo de función/relación | autor. |
| 700 1# - ENTRADA AGREGADA--NOMBRE PERSONAL | |
| Nombre de persona | Antolinez Monroy, Luis Enrique, |
| Término indicativo de función/relación | autor. |
| 700 1# - ENTRADA AGREGADA--NOMBRE PERSONAL | |
| Nombre de persona | Roldan Vargas, Kely Alejandra, |
| Término indicativo de función/relación | autor. |
| 700 1# - ENTRADA AGREGADA--NOMBRE PERSONAL | |
| Nombre de persona | Amaya Pinilla, Rubén David, |
| Término indicativo de función/relación | autor. |
| 797 2# - PUNTO DE ACCESO ADICIONAL LOCAL--NOMBRE DE ENTIDAD CORPORATIVA (RLIN) | |
| Nombre de entidad corporativa o nombre de jurisdicción como elemento de entrada | elibro, Corp. |
| 830 #0 - PUNTO DE ACCESO ADICIONAL DE SERIE-TÍTULO UNIFORME | |
| Título uniforme | Colección Uniminuto. |
| 856 40 - LOCALIZACIÓN Y ACCESO ELECTRÓNICOS | |
| Identificador Uniforme de Recurso | <a href="https://elibro.net/ereader/politecnicointernacional/274555">https://elibro.net/ereader/politecnicointernacional/274555</a> |
No hay ítems disponibles.